Bioprocess engineering: basic concepts

Furkejuvvon:
Bibliográfalaš dieđut
Váldodahkkit: Shuler, Michael L (Dahkki), Kargi, Fikret (Dahkki)
Materiálatiipa: Girji
Giella:eaŋgalasgiella
Almmustuhtton: Nueva Delhi Prentice Hall of India 2002
Preanttus:2a. ed
Fáttát:
Fáddágilkorat: Lasit fáddágilkoriid
Eai fáddágilkorat, Lasit vuosttaš fáddágilkora!

MARC

LEADER 00000nam a2200000 a 4500
001 UCI6277
003 CL-VaPUC
008 080425e20020000II |||||||||||||||||eng|d
020 |a 8120321103 
082 0 4 |a 660.63  |b SHU  |2 21 
100 0 |a Shuler, Michael L  |e author  |9 529047 
700 0 |a Kargi, Fikret  |e author  |9 529048 
245 1 0 |a Bioprocess engineering: basic concepts 
250 |a 2a. ed 
300 |a 553 p 
942 |c BK 
945 |d 20080425 00:00:00  |a jtorresc 
260 |a Nueva Delhi  |b Prentice Hall of India  |c 2002 
650 0 |a Ingeniería bioquímica   |9 260241 
650 7 |a BIOQUIMICA INDUSTRIAL  |2 CL-VaPUC  |9 407622 
650 7 |a INGENIERIA QUIMICA  |2 CL-VaPUC  |9 8 
583 |a last modification  |c 20080425 00:00:00  |k Rodrigo Vera 
999 |c 329802  |d 329800 
952 |0 0  |1 0  |4 0  |6 660_630000000000000_SHU_2002  |7 0  |8 A  |9 414897  |a BIBING  |b BIBING  |d 2019-11-22  |i 4434080  |o 660.63 SHU 2002  |p 4434080  |r 2025-01-20  |w 2019-11-22  |y BK  |k EIB